| 000 | nam a22 7a 4500 | ||
|---|---|---|---|
| 999 |
_c330845 _d330845 |
||
| 003 | NUST | ||
| 005 | 20170816154550.0 | ||
| 008 | 170816b xxu||||| |||| 00| 0 eng d | ||
| 040 | _cNUST | ||
| 082 |
_a954.914 _bTAN |
||
| 100 |
_aParkash Tandon _93919 |
||
| 245 |
_aBeroun Punjab / _cby Parkash Tandon, Tarjuma: Rasheed Malik |
||
| 260 |
_aLahore: _bFiction house, _c1996 |
||
| 300 | _a268 p. | ||
| 500 | _aPunjab province | ||
| 650 |
_aPakistan- Punjab Province _93920 |
||
| 880 |
_6100-01\(3\r _aپرکاش ٹنڈن |
||
| 880 |
_6245-02\(3\r _aبیرون پنجاب _cپرکاش ٹنڈن، ترجمہ: رشید ملک |
||
| 880 |
_6260-03\(3\r _aلاہور: _bفکشن ہاؤس، _c1996 |
||
| 942 |
_2ddc _cBK |
||